Estadísticas para Máximos goleadores en la historia del Celta de Vigo

Haz click aquí para intentar la prueba.

Estadísticas generales

  • Esta prueba ha sido intentada 39 veces
  • La puntuación promedio es 3 de 11

Estadísticas de respuestas

GolesNacionalidadJugador% Correcto
200EspañaIago Aspas
100%
76Bosnia y HerzegovinaVladimir Gudelj
48%
71RusiaAleksandr Mostovoy
39%
52EspañaNolito
39%
45Brasil / EspañaCatanha
30%
42EspañaSanti Mina
30%
60EspañaPahiño
22%
42EspañaJuan Sánchez
9%
70EspañaManuel Hermida
9%
49EspañaFrancisco Roig
4%
44EspañaJuan del Pino
0%

Distribución de puntuación

Porcentaje por número respondido

Porcentaje de gente con cada puntuación

Historial de tus puntuaciones

No has intentado esta prueba.